000 00626nam a2200193 4500
001 111885
003 ES-MaACL
005 20230906185359.0
007 t|
008 061121s1963 sp r ||||1| spa d
100 1 _aOrlowski, P.
_987290
245 1 0 _aProtección por protección a pistola /
_cP. Orlowski, J. Canchetier ; versión española por Eduardo Sánchez López.
250 _a1ª. ed.
260 _aBarcelona :
_bJosé Monteso,
_c1963.
300 _a116 p., 4 lám. :
_bil. ;
_c22 cm.
700 1 _aCanchetier, J.
_934432
700 1 _aSánchez López, Eduardo.
_9102728
852 _aES-MaACL
_jC-24823
_bR.53510
999 _c111885
_d111885